| 000 | 00781nam a22002177a 4500 | ||
|---|---|---|---|
| 999 |
_c16572 _d16572 |
||
| 003 | AR-CdUCM | ||
| 008 | 190328b ||||| |||| 00| 0 spa d | ||
| 040 |
_aMUNICIPALIDAD PROVINCIAL DEL CUSCO _cBIBLIOTECA MUNICIPAL DEL CUSCO |
||
| 082 |
_a909 / _bC13 / 1927 |
||
| 100 |
_aCabanés, Doctor _926289 |
||
| 245 | _aLeyendas y curiosidades de la historia / | ||
| 260 |
_aMadrid : _bEdiciones Mercurio, _c1927. |
||
| 300 |
_a337 páginas ; _bretratos, _c20 cm. |
||
| 505 | _aContenido: La mascarilla del emperador -- Un matrimonio real en la corte imperial -- Una muerte de emperatriz ... | ||
| 650 |
_aLeyendas _92226 |
||
| 650 |
_aHistoria _9136 |
||
| 650 |
_aCuriosidades _924748 |
||
| 700 |
_aLaymon, J. (traducción) _936084 |
||
| 942 |
_2ddc _cLIBROS |
||
| 945 |
_arah _d03/05/2019 |
||